[Event "Sparkassen-Open A"]
[Site "Heusenstamm, Martinsee"]
[Date "2018.11.24"]
[Round "5.20"]
[White "Thomas, Ingo"]
[Black "Hesse, Henrik"]
[Result "1/2-1/2"]
[WhiteElo "2130"]
[BlackElo "2272"]
[PlyCount "58"]
[EventDate "2018.??.??"]
[WhiteTeam "Krefelder SK Turm"]
[BlackTeam "SV Mattnetz Berlin"]

1. e4 c5 2. Nf3 e6 3. b3 Nc6 4. Bb2 d6 5. d4 cxd4 6. Nxd4 Nxd4 7. Qxd4 Nf6 8.
Bb5+ Bd7 9. Bxd7+ Qxd7 10. c4 Be7 11. Nc3 O-O 12. O-O a6 13. Rfd1 Rfd8 14. Rd3
b5 15. Rg3 bxc4 16. Qxc4 Rdc8 17. Qd4 Nh5 18. Rf3 e5 19. Qd1 Nf4 20. Nd5 Nxd5
21. Qxd5 Qe6 22. Qb7 Rcb8 23. Qc6 Rc8 24. Qb7 a5 25. Rc3 Rcb8 26. Qc6 Rc8 27.
Qb7 Rcb8 28. Qc6 Rc8 29. Qb7 Rcb8 1/2-1/2

[Event "Sparkassen-Open A"]
[Site "Heusenstamm, Martinsee"]
[Date "2018.11.24"]
[Round "5.21"]
[White "Hinrichs, Niklas"]
[Black "Mooser, Stefan"]
[Result "1/2-1/2"]
[WhiteElo "2124"]
[BlackElo "2269"]
[PlyCount "169"]
[EventDate "2018.??.??"]
[WhiteTeam "SK Bingen"]
[BlackTeam "FC Ergolding"]

1. d4 d5 2. c4 e6 3. Nc3 c6 4. e3 Nf6 5. Nf3 Nbd7 6. Bd3 dxc4 7. Bxc4 b5 8. Bd3
a6 9. e4 c5 10. e5 cxd4 11. Nxb5 Nxe5 12. Nxe5 axb5 13. Bxb5+ Bd7 14. Nxd7 Nxd7
15. Bxd7+ Qxd7 16. O-O Be7 17. Qd3 O-O 18. Bd2 Rfb8 19. Rfb1 Qd5 20. Qf3 Qb5
21. h3 Bf6 22. Bf4 e5 23. Bd2 Qc4 24. a3 Qc2 25. Bb4 e4 26. Qg4 e3 27. fxe3
dxe3 28. Rf1 e2 29. Rf4 Bxb2 30. Re1 Re8 31. Rf2 Bxa3 32. Bxa3 Rxa3 33. Rfxe2
Rxe2 34. Qxe2 Qxe2 35. Rxe2 h5 36. h4 Kh7 37. Kh2 Kg6 38. Re5 Ra4 39. Rg5+ Kh6
40. Kh3 g6 41. Rg3 Rf4 42. Rg5 Rf1 43. Rb5 Rh1+ 44. Kg3 Ra1 45. Kh3 Ra3+ 46. g3
Ra2 47. Rc5 Rf2 48. Ra5 Kg7 49. Ra6 Rf5 50. Rb6 f6 51. Rb7+ Kh6 52. Rb3 g5 53.
hxg5+ Kxg5 54. Ra3 Rb5 55. Rc3 Rb4 56. Ra3 h4 57. gxh4+ Rxh4+ 58. Kg2 Re4 59.
Rb3 f5 60. Ra3 Rg4+ 61. Kf3 Rh4 62. Ra5 Rh3+ 63. Kg2 Rb3 64. Ra4 Rb2+ 65. Kf3
Rb1 66. Ra5 Rb3+ 67. Kg2 Kg4 68. Kf2 Rb2+ 69. Kf1 Rb3 70. Kf2 f4 71. Ra2 Rh3
72. Ra4 Rh2+ 73. Kg1 Re2 74. Kf1 Re3 75. Kf2 Re8 76. Ra3 Rh8 77. Kg2 Rb8 78.
Kf2 Rb4 79. Rc3 Rb2+ 80. Kf1 Rb4 81. Ra3 Kf5 82. Kf2 Ke4 83. Ra2 f3 84. Ra8
Rb2+ 85. Kf1 1/2-1/2

[Event "Sparkassen-Open A"]
[Site "Heusenstamm, Martinsee"]
[Date "2018.11.24"]
[Round "5.22"]
[White "Waffenschmidt, Joachim"]
[Black "Bomans, Arno"]
[Result "0-1"]
[WhiteElo "2007"]
[BlackElo "2262"]
[PlyCount "86"]
[EventDate "2018.??.??"]
[WhiteTeam "SC Brett vorm Kopp"]
[BlackTeam "Gambiet Opwijk"]

1. d4 d6 2. Nf3 g6 3. c4 f5 4. h4 Nf6 5. Bg5 Nbd7 6. Nc3 h6 7. Bf4 Bg7 8. d5 e5
9. dxe6 Nc5 10. e3 Bxe6 11. Nd4 Qe7 12. Be2 O-O 13. Nxe6 Qxe6 14. Nb5 Qd7 15.
O-O Ne6 16. Bh2 Ne4 17. Nd4 Nxd4 18. exd4 Qe7 19. h5 g5 20. Qd3 Rae8 21. Rae1
g4 22. f3 g3 23. fxe4 gxh2+ 24. Kxh2 fxe4 25. Qh3 Kh8 26. Bg4 Bxd4 27. b3 Bf2
28. Qc3+ Qe5+ 29. Qxe5+ Rxe5 30. Rd1 e3 31. Be2 Rf4 32. g4 Kg7 33. Kg2 Kf6 34.
Rd3 b5 35. cxb5 Rc5 36. a4 Rc2 37. Bf3 e2 38. Rxf2 e1=N+ 39. Kg3 Rxf2 40. Kxf4
Nxd3+ 41. Ke3 Rb2 42. Kxd3 Rxb3+ 43. Ke2 Rb4 0-1

[Event "Sparkassen-Open A"]
[Site "Heusenstamm, Martinsee"]
[Date "2018.11.24"]
[Round "5.23"]
[White "Heimrath, Reiner"]
[Black "Farmani Anosheh, Yasha"]
[Result "0-1"]
[WhiteElo "2262"]
[BlackElo "2127"]
[PlyCount "114"]
[EventDate "2018.??.??"]
[WhiteTeam "SC Noris-Tarrasch NÃ¼rnberg"]
[BlackTeam "SK Ladenburg"]

1. e4 e5 2. Nf3 Nc6 3. Bc4 Bc5 4. d3 Nf6 5. Bb3 h6 6. c3 O-O 7. Nbd2 d6 8. Nc4
a6 9. O-O Ba7 10. a4 Re8 11. Be3 Bxe3 12. Nxe3 Be6 13. Bxe6 fxe6 14. a5 d5 15.
Qb3 Qd6 16. Ra4 Kh7 17. Re1 Rab8 18. Qc2 Kg8 19. h3 Ne7 20. Nf1 Ng6 21. Ng3 c5
22. b4 d4 23. bxc5 Qxc5 24. c4 Nd7 25. Nh5 Qc7 26. Qd2 Nc5 27. Ra2 b5 28. axb6
Rxb6 29. Rf1 Reb8 30. Ne1 Nf4 31. Qd1 Rb1 32. Qg4 a5 33. g3 Nxh5 34. Qxh5 a4
35. f4 exf4 36. gxf4 R8b2 37. Rxb2 Rxb2 38. Ng2 Nxd3 39. Qe8+ Kh7 40. Qxa4 Qb7
41. Rf3 Qxe4 42. Rg3 Nxf4 43. Rxg7+ Kxg7 44. Qd7+ Kg6 45. Qe8+ Kg5 46. Qe7+ Kh5
47. Qh4+ Kg6 48. Nxf4+ Kf7 49. Qh5+ Ke7 50. Qc5+ Kd7 51. Qa7+ Rb7 52. Qa4+ Qc6
53. Qc2 Qf3 54. Nd3 Kc8 55. Nf2 Rg7+ 56. Kf1 Rf7 57. Ke1 Qxf2+ 0-1

[Event "Sparkassen-Open A"]
[Site "Heusenstamm, Martinsee"]
[Date "2018.11.24"]
[Round "5.24"]
[White "Kersten, Uwe"]
[Black "Rutsatz, Mario"]
[Result "1-0"]
[WhiteElo "2233"]
[BlackElo "2006"]
[PlyCount "121"]
[EventDate "2018.??.??"]
[WhiteTeam "Bad Emstal"]
[BlackTeam "SF Frankfurt"]

1. d4 Nf6 2. Bg5 e6 3. Nf3 h6 4. Bh4 g5 5. Bg3 Nh5 6. e3 Bg7 7. Bd3 d6 8. Nbd2
b6 9. c3 Bb7 10. Qe2 Nd7 11. O-O-O Qe7 12. Ne1 Nxg3 13. hxg3 O-O-O 14. g4 Kb8
15. Kb1 Rhf8 16. e4 d5 17. Nc2 e5 18. exd5 Bxd5 19. Nb4 Bb7 20. Ba6 Qd6 21.
Bxb7 Kxb7 22. d5 Nb8 23. Ne4 Qg6 24. f3 Rfe8 25. Nc2 f5 26. gxf5 Qxf5 27. Ne3
Qg6 28. g4 Nd7 29. Qc2 Qf7 30. Nf5 Nf6 31. Nxf6 Qxf6 32. Qe4 Kb8 33. Rh2 Rh8
34. Rdh1 Bf8 35. a3 Rd7 36. Rh5 Rdh7 37. Re1 Bd6 38. Qc4 Bc5 39. Ka2 Rd7 40. b4
Bf2 41. Re2 Bh4 42. Qe4 Qf7 43. c4 Rdd8 44. Rxh6 Rxh6 45. Nxh6 Qf6 46. Nf5 Re8
47. Nd4 Bg3 48. Qf5 Qh6 49. Qd7 Rc8 50. Nc6+ Kb7 51. Ne7 Rf8 52. Qc6+ Qxc6 53.
dxc6+ Kb8 54. Rd2 a6 55. Nf5 Bf4 56. Rd7 Re8 57. Ne7 e4 58. fxe4 Bd6 59. Nf5
Rxe4 60. Rd8+ Ka7 61. Nxd6 1-0

[Event "Sparkassen-Open A"]
[Site "Heusenstamm, Martinsee"]
[Date "2018.11.24"]
[Round "5.25"]
[White "Hahn, Markus"]
[Black "SchrÃ¶der, JÃ¼rgen"]
[Result "1/2-1/2"]
[WhiteElo "2271"]
[BlackElo "2102"]
[PlyCount "35"]
[EventDate "2018.??.??"]
[WhiteTeam "SVG Caissa Kassel"]
[BlackTeam "SC Matt im Park"]

1. c4 g6 2. Nc3 Bg7 3. e4 d6 4. h3 c6 5. d4 e5 6. Nf3 Nd7 7. Be3 Ne7 8. g3 O-O
9. Bg2 c5 10. dxc5 dxc5 11. Qd6 Qb6 12. Qd2 Nc6 13. Nd5 Qd8 14. O-O Nd4 15. Ne1
Nb6 16. b3 Nxd5 17. cxd5 b6 18. Kh2 1/2-1/2

[Event "Sparkassen-Open A"]
[Site "Heusenstamm, Martinsee"]
[Date "2018.11.24"]
[Round "5.26"]
[White "Zimmermann, Rolf"]
[Black "Donchenko, Anatoly"]
[Result "1/2-1/2"]
[WhiteElo "2093"]
[BlackElo "2269"]
[PlyCount "38"]
[EventDate "2018.??.??"]
[WhiteTeam "SC Tornado Hochneukirch"]
[BlackTeam "SK GieÃŸen"]

1. c4 e6 2. Nc3 d5 3. d4 c6 4. e3 Nf6 5. Nf3 Nbd7 6. Bd3 dxc4 7. Bxc4 a6 8. O-O
b5 9. Be2 c5 10. dxc5 Bxc5 11. a3 Bb7 12. b4 Be7 13. Bb2 O-O 14. a4 bxa4 15.
Qxa4 Qb6 16. Ba3 Rfc8 17. Qb3 Rab8 18. Na4 Qa7 19. Rfd1 Nd5 1/2-1/2

[Event "Sparkassen-Open A"]
[Site "Heusenstamm, Martinsee"]
[Date "2018.11.24"]
[Round "5.27"]
[White "Bordin, Igor"]
[Black "KÃ¶llner, Ruben Gideon"]
[Result "1/2-1/2"]
[WhiteElo "2051"]
[BlackElo "2238"]
[PlyCount "141"]
[EventDate "2018.??.??"]
[WhiteTeam "SC Fehrbach"]
[BlackTeam "SG Bochum"]

1. e4 e5 2. Nf3 Nc6 3. Bb5 Bc5 4. O-O Nd4 5. Nxd4 Bxd4 6. c3 Bb6 7. d4 c6 8.
Be2 exd4 9. cxd4 d5 10. e5 Ne7 11. Nc3 Nf5 12. Be3 O-O 13. Qd2 f6 14. f4 Qe7
15. Bf2 fxe5 16. fxe5 Be6 17. Na4 Nh6 18. b4 Rf7 19. b5 Raf8 20. Nxb6 axb6 21.
bxc6 bxc6 22. Rab1 Qa7 23. Qb2 b5 24. Rbc1 Qa6 25. a4 Rb8 26. axb5 cxb5 27. Rc5
Rfb7 28. Ra1 Qb6 29. Rxb5 Qc6 30. Rxb7 Qxb7 31. Qxb7 Rxb7 32. h3 Kf7 33. Bf3
Nf5 34. g4 Ne7 35. Ra5 Rd7 36. Rc5 h6 37. Be1 Ng6 38. Bg3 Ne7 39. Be1 Rb7 40.
Ba5 Rd7 41. Kf2 g5 42. Rc7 Rxc7 43. Bxc7 Ng6 44. Kg3 Ke7 45. Ba5 Kd7 46. Bb4
Ke8 47. Bd1 Kf7 48. Bd2 Bd7 49. Be2 Nf8 50. Bf3 Bc6 51. Kf2 Ne6 52. Be3 Ke7 53.
Ke1 Kd7 54. Kd2 Bb7 55. Be2 Bc6 56. Kc3 Ba4 57. Bc1 Kc6 58. Bd3 Bb5 59. Bf5 Kd7
60. h4 gxh4 61. Bxh6 h3 62. Bf4 Ke7 63. Bxe6 Kxe6 64. Kd2 Kf7 65. Ke3 Bd7 66.
Kf3 Kg6 67. Kg3 h2 68. Kxh2 Bxg4 69. Kg3 Bf5 70. Kf3 Kf7 71. Ke3 1/2-1/2

[Event "Sparkassen-Open A"]
[Site "Heusenstamm, Martinsee"]
[Date "2018.11.24"]
[Round "5.28"]
[White "Pfeffer, Marko"]
[Black "de Visser, Leon"]
[Result "1/2-1/2"]
[WhiteElo "2016"]
[BlackElo "2230"]
[PlyCount "110"]
[EventDate "2018.??.??"]
[WhiteTeam "SC Bergen-Enkheim"]
[BlackTeam "SV Griesheim"]

1. e4 c5 2. Nf3 g6 3. c3 d5 4. exd5 Qxd5 5. d4 Nf6 6. Be3 cxd4 7. Qxd4 Nc6 8.
Qxd5 Nxd5 9. Bd2 Bg7 10. Na3 O-O 11. Bc4 Nb6 12. Bb3 Na5 13. Bc2 Nac4 14. Nxc4
Nxc4 15. Bc1 b6 16. Nd2 Ne5 17. Be4 Rb8 18. Nf3 Ba6 19. Nxe5 Bxe5 20. f4 Bg7
21. f5 Rbc8 22. Be3 gxf5 23. Bxf5 e6 24. Bc2 Rfd8 25. Rd1 Rxd1+ 26. Kxd1 Bb7
27. Ke2 Rd8 28. Kf2 f5 29. Rd1 Rxd1 30. Bxd1 Kf7 31. a4 e5 32. g3 Bf8 33. b4
Bd6 34. Bb3+ Kf6 35. Bg8 h5 36. Bb3 h4 37. Bc4 hxg3+ 38. hxg3 f4 39. gxf4 exf4
40. Bd4+ Be5 41. Bxe5+ Kxe5 42. Bf7 Bd5 43. Bh5 Kd6 44. Be2 a5 45. Bd3 Ke5 46.
Bb5 Be4 47. Ke2 Kd5 48. Kd2 Kd6 49. Ke2 Bc6 50. Bxc6 Kxc6 51. bxa5 bxa5 52. Kf3
Kc5 53. Kxf4 Kc4 54. Ke3 Kxc3 55. Ke2 Kb4 1/2-1/2

[Event "Sparkassen-Open A"]
[Site "Heusenstamm, Martinsee"]
[Date "2018.11.24"]
[Round "5.29"]
[White "Wolf, Ulrich Martin"]
[Black "Lesny, Florian"]
[Result "1/2-1/2"]
[WhiteElo "2221"]
[BlackElo "2067"]
[PlyCount "30"]
[EventDate "2018.??.??"]
[WhiteTeam "SC Hansa Dortmund"]
[BlackTeam "SK Niederbrechen"]

1. d4 d5 2. Nf3 Nf6 3. c4 c6 4. e3 e6 5. Nc3 Nbd7 6. Qc2 Bd6 7. Bd2 O-O 8. Bd3
dxc4 9. Bxc4 e5 10. dxe5 Nxe5 11. Nxe5 Bxe5 12. h3 Qe7 13. Ne2 Be6 14. Bd3 Rad8
15. Bc3 Bxc3+ 1/2-1/2

[Event "Sparkassen-Open A"]
[Site "Heusenstamm, Martinsee"]
[Date "2018.11.24"]
[Round "5.30"]
[White "Jansen, Dirk Norbert"]
[Black "Harringer, Manfred"]
[Result "1-0"]
[WhiteElo "2209"]
[BlackElo "2038"]
[PlyCount "73"]
[EventDate "2018.??.??"]
[WhiteTeam "SV Weidenau/Geisweid"]
[BlackTeam "Bergische SF"]

1. e4 e5 2. Nf3 Nc6 3. Bc4 Nf6 4. Ng5 d5 5. exd5 Na5 6. Bb5+ c6 7. dxc6 bxc6 8.
Bd3 Nd5 9. Nf3 Nf4 10. O-O Nxd3 11. cxd3 Bd6 12. Re1 O-O 13. Nc3 Ba6 14. Ne4
Bxd3 15. Nxd6 Qxd6 16. Nxe5 Rae8 17. Nxd3 Qxd3 18. b3 c5 19. Bb2 Nc6 20. Re3
Qd5 21. Qg4 g6 22. Rae1 Rxe3 23. dxe3 Rd8 24. Bf6 Rd7 25. Qf4 Qd2 26. Rf1 Rd6
27. g4 Nd8 28. g5 Ne6 29. Qf3 Rd7 30. Qc6 Qd5 31. Qxd5 Rxd5 32. h4 Kf8 33. Rc1
Rd2 34. b4 Rxa2 35. bxc5 Ke8 36. c6 Nc7 37. Rd1 1-0

[Event "Sparkassen-Open A"]
[Site "Heusenstamm, Martinsee"]
[Date "2018.11.24"]
[Round "5.31"]
[White "Von Auer, Ulrich"]
[Black "Haag, Martin"]
[Result "0-1"]
[WhiteElo "2042"]
[BlackElo "2186"]
[PlyCount "88"]
[EventDate "2018.??.??"]
[WhiteTeam "SF Frankfurt"]
[BlackTeam "SC Bonn Beuel"]

1. d4 d5 2. c4 e6 3. Nf3 c5 4. cxd5 exd5 5. g3 Nc6 6. Bg2 Nf6 7. O-O Be7 8. Nc3
O-O 9. Bg5 c4 10. Ne5 Be6 11. f4 h6 12. Bxf6 Bxf6 13. f5 Bxe5 14. dxe5 Qb6+ 15.
Kh1 Qxb2 16. fxe6 fxe6 17. Rxf8+ Rxf8 18. Qc1 Qxc1+ 19. Rxc1 Nxe5 20. Bh3 Rf6
21. Rd1 h5 22. Kg1 Kf8 23. Nb5 a6 24. Nd4 Ng4 25. Rb1 b5 26. a4 bxa4 27. Ra1 e5
28. Nf3 c3 29. Bxg4 hxg4 30. Ne1 Rc6 31. Nc2 Rb6 32. Kf1 Rb2 33. Rc1 d4 34. Ke1
Ke7 35. Kd1 Kd6 36. Ra1 e4 37. Kc1 d3 38. exd3 exd3 39. Ne3 Re2 40. Nd1 c2 41.
Rxa4 Re1 42. Rd4+ Ke5 43. Rxd3 cxd1=Q+ 44. Rxd1 Rxd1+ 0-1

[Event "Sparkassen-Open A"]
[Site "Heusenstamm, Martinsee"]
[Date "2018.11.24"]
[Round "5.32"]
[White "Goossens, Hanne"]
[Black "Paeslack, Luis"]
[Result "1-0"]
[WhiteElo "2176"]
[BlackElo "2044"]
[PlyCount "79"]
[EventDate "2018.??.??"]
[WhiteTeam "DJK AufwÃ¤rts Aachen"]
[BlackTeam "TV-GroÃŸostheim"]

1. e4 c5 2. Nf3 Nc6 3. d4 cxd4 4. Nxd4 Nf6 5. Nc3 e5 6. Ndb5 d6 7. Bg5 a6 8.
Na3 b5 9. Bxf6 Qxf6 10. Nd5 Qd8 11. Bxb5 axb5 12. Nxb5 Ra7 13. Nxa7 Nxa7 14.
O-O Be7 15. c3 Bd7 16. a4 O-O 17. b4 f5 18. f3 f4 19. b5 Bh4 20. Qd2 Bg3 21.
hxg3 fxg3 22. Rfd1 Qh4 23. Ne3 Qh2+ 24. Kf1 Bh3 25. Nf5 Bxf5 26. exf5 Qh1+ 27.
Ke2 Qxg2+ 28. Ke3 Qh3 29. Qd5+ Kh8 30. Qe4 Qg2 31. Rd2 Qh3 32. Kd3 g2 33. Qg4
Qh1 34. Rxg2 Qh6 35. Rag1 Rg8 36. Qg5 Qh3 37. Qg4 Qh6 38. Rg3 d5 39. Rh3 e4+
40. Kc2 1-0

[Event "Sparkassen-Open A"]
[Site "Heusenstamm, Martinsee"]
[Date "2018.11.24"]
[Round "5.33"]
[White "Kolker, Vladislav"]
[Black "Dunsbach, Ralf"]
[Result "1/2-1/2"]
[WhiteElo "1999"]
[BlackElo "2159"]
[PlyCount "49"]
[EventDate "2018.??.??"]
[WhiteTeam "SC Bad Nauheim"]
[BlackTeam "SK Bad Homburg"]

1. e4 c5 2. Nf3 d6 3. d4 cxd4 4. Nxd4 Nf6 5. Nc3 g6 6. Be3 Bg7 7. f3 O-O 8. Qd2
Nc6 9. O-O-O d5 10. Kb1 Nxd4 11. Bxd4 dxe4 12. Bxf6 Qxd2 13. Rxd2 exf6 14. Nxe4
f5 15. Nd6 Be6 16. Bc4 Rfd8 17. Bb3 Rd7 18. Rhd1 Rad8 19. Ba4 Rc7 20. Nb5 Rxd2
21. Rxd2 Rd7 22. Rxd7 Bxd7 23. c4 Bc6 24. Nc3 Bxc3 25. Bxc6 1/2-1/2

[Event "Sparkassen-Open A"]
[Site "Heusenstamm, Martinsee"]
[Date "2018.11.24"]
[Round "5.34"]
[White "Hahn, Florian"]
[Black "Leck, Gerrit"]
[Result "1-0"]
[WhiteElo "2148"]
[BlackElo "1993"]
[PlyCount "39"]
[EventDate "2018.??.??"]
[WhiteTeam "SC Herborn"]
[BlackTeam "SV Lahn Limburg"]

1. Nf3 c5 2. c4 g6 3. g3 Bg7 4. Bg2 Nc6 5. Nc3 e6 6. d4 Nxd4 7. Nxd4 cxd4 8.
Ne4 Qb6 9. c5 Qc7 10. Nd6+ Kf8 11. b4 d3 12. Rb1 dxe2 13. Qxe2 Bc3+ 14. Bd2
Bxd2+ 15. Qxd2 h5 16. O-O Ne7 17. Rfd1 Rb8 18. Nb5 Qe5 19. Re1 Qf6 20. Qd6 1-0

[Event "Sparkassen-Open A"]
[Site "Heusenstamm, Martinsee"]
[Date "2018.11.24"]
[Round "5.35"]
[White "Henrich, David"]
[Black "Schultze, JÃ¶rg-Martin"]
[Result "1-0"]
[WhiteElo "2141"]
[BlackElo "2027"]
[PlyCount "109"]
[EventDate "2018.??.??"]
[WhiteTeam "Frankfurter TV"]
[BlackTeam "SF Anderssen Wetzlar"]

1. c4 Nf6 2. Nc3 c5 3. g3 g6 4. Bg2 Bg7 5. Rb1 O-O 6. a3 e6 7. d3 Nc6 8. Nf3 d5
9. Nd2 d4 10. Na4 Qe7 11. O-O Nd7 12. Ne4 h6 13. b4 cxb4 14. axb4 Nxb4 15. Ba3
a5 16. c5 f5 17. Nd6 Nxc5 18. Nxc8 Raxc8 19. Rxb4 axb4 20. Bxb4 b5 21. Nxc5
Rxc5 22. Bc6 Qa7 23. Bxc5 Qxc5 24. Qc1 Qxc1 25. Rxc1 Rc8 26. Kf1 b4 27. Rc4 b3
28. Bd7 Rb8 29. Bxe6+ Kf8 30. Rc1 Ke7 31. Bc4 Kd6 32. Rb1 b2 33. Ke1 Bf8 34.
Kd2 Ke5 35. Kc2 Ba3 36. e3 g5 37. f4+ gxf4 38. gxf4+ Kf6 39. e4 fxe4 40. dxe4
Ke7 41. e5 Rb4 42. Kd3 Rb8 43. f5 Bc5 44. Ba2 Ba7 45. Rg1 b1=Q+ 46. Bxb1 Rb3+
47. Ke4 Re3+ 48. Kd5 Bb8 49. f6+ Kf8 50. Be4 Rh3 51. Rb1 Bc7 52. Rb7 Rc3 53. e6
d3 54. Bg6 Ra3 55. e7+ 1-0

[Event "Sparkassen-Open A"]
[Site "Heusenstamm, Martinsee"]
[Date "2018.11.24"]
[Round "5.36"]
[White "Browning, Alex"]
[Black "Yankelevich, Michael"]
[Result "1/2-1/2"]
[WhiteElo "2102"]
[BlackElo "1978"]
[PlyCount "93"]
[EventDate "2018.??.??"]
[WhiteTeam "SVG Plettenberg"]
[BlackTeam "SG Trier"]

1. e4 c5 2. Nf3 e6 3. c3 Nc6 4. d4 cxd4 5. cxd4 d5 6. exd5 exd5 7. Nc3 Nf6 8.
Bb5 Be7 9. Ne5 Bd7 10. O-O O-O 11. Re1 Rc8 12. Bg5 Be6 13. Qd2 h6 14. Bf4 Nh5
15. Be3 Bd6 16. Nxc6 bxc6 17. Bf1 Qc7 18. g3 Nf6 19. Rac1 Qb8 20. Bxh6 gxh6 21.
Qxh6 Ng4 22. Qg5+ Kh8 23. h3 Nxf2 24. Kxf2 Qxb2+ 25. Kg1 Qb4 26. Qh4+ Kg7 27.
a3 Qb6 28. Qg5+ Kh8 29. Qf6+ Kg8 30. Bd3 Be7 31. Qxe7 Qxd4+ 32. Kg2 Qxd3 33.
Qg5+ Kh8 34. Re5 Rg8 35. Qf6+ Rg7 36. Rh5+ Kg8 37. Qh4 Qd2+ 38. Kf3 Qd3+ 39.
Kf2 Rh7 40. Rg5+ Rg7 41. Ne2 Rxg5 42. Qxg5+ Qg6 43. Qh4 Qf5+ 44. Nf4 Rb8 45.
Kg1 Qe5 46. Rc2 Rb1+ 47. Kh2 1/2-1/2

[Event "Sparkassen-Open A"]
[Site "Heusenstamm, Martinsee"]
[Date "2018.11.24"]
[Round "5.37"]
[White "Engel, Berthold"]
[Black "Ã–zdemir, Ali Ã–zden"]
[Result "1-0"]
[WhiteElo "2129"]
[BlackElo "1972"]
[PlyCount "49"]
[EventDate "2018.??.??"]
[WhiteTeam "BG Buchen"]
[BlackTeam "SK Langen"]

1. e4 c5 2. Nf3 Nc6 3. Bb5 Qb6 4. Nc3 e6 5. O-O Nge7 6. Qe2 a6 7. Bxc6 Nxc6 8.
b3 Be7 9. Bb2 O-O 10. Na4 Qc7 11. c4 b6 12. Rfd1 Bb7 13. d4 cxd4 14. Nxd4 Rfd8
15. Qe3 Rab8 16. Rac1 d6 17. Nb5 axb5 18. cxb5 Ba8 19. Bd4 Rdc8 20. Nxb6 Qd8
21. Nxc8 Bg5 22. f4 Bxf4 23. Qxf4 Nxd4 24. Rxd4 e5 25. Qxe5 1-0

[Event "Sparkassen-Open A"]
[Site "Heusenstamm, Martinsee"]
[Date "2018.11.24"]
[Round "5.38"]
[White "Hinrichs, Paul"]
[Black "Schreiner, Roland"]
[Result "1-0"]
[WhiteElo "1907"]
[BlackElo "2121"]
[PlyCount "59"]
[EventDate "2018.??.??"]
[WhiteTeam "SK Bingen"]
[BlackTeam "SC Heusenstamm"]

1. d4 d5 2. c4 c6 3. Nc3 Nf6 4. Nf3 a6 5. cxd5 cxd5 6. Bf4 Bf5 7. Qb3 b5 8. a4
bxa4 9. Rxa4 Bd7 10. Ra1 e6 11. Ne5 Be7 12. Qb7 O-O 13. Qxa8 Qb6 14. Nxd7 Nbxd7
15. Qxa6 Qxd4 16. Bd2 Nc5 17. Be3 Qb4 18. Bxc5 Bxc5 19. Qb5 Bxf2+ 20. Kxf2 Qf4+
21. Ke1 d4 22. Nd1 Ne4 23. Qd3 f5 24. Qxd4 e5 25. Qe3 Qg4 26. Nf2 Nxf2 27. Kxf2
e4 28. g3 f4 29. gxf4 Rxf4+ 30. Ke1 1-0

[Event "Sparkassen-Open A"]
[Site "Heusenstamm, Martinsee"]
[Date "2018.11.24"]
[Round "5.39"]
[White "Amtmann, Florian"]
[Black "Burkhardt, Holger"]
[Result "0-1"]
[WhiteElo "2120"]
[BlackElo "2005"]
[PlyCount "112"]
[EventDate "2018.??.??"]
[WhiteTeam "Spvgg Stetten"]
[BlackTeam "SK GieÃŸen"]

1. e4 d6 2. d4 Nf6 3. Nc3 e5 4. Nge2 exd4 5. Nxd4 Be7 6. Be2 O-O 7. O-O Re8 8.
Bg5 Nxe4 9. Bxe7 Qxe7 10. Nxe4 Qxe4 11. Bf3 Qe7 12. Qd2 Nd7 13. g3 Nf6 14. Rfe1
Qd8 15. Rxe8+ Nxe8 16. c4 c6 17. b4 Qf6 18. Re1 Nc7 19. Bg2 Bd7 20. b5 d5 21.
cxd5 c5 22. Nb3 Qd6 23. a4 b6 24. Qd1 Re8 25. Rxe8+ Nxe8 26. Nd2 Qe7 27. Nc4
Nd6 28. Nxd6 Qxd6 29. Qc2 Kf8 30. Qd3 Qg6 31. Be4 Qf6 32. Kg2 Ke7 33. h4 h6 34.
Bf3 Kd6 35. Qa3 Qd4 36. h5 Bf5 37. a5 Be4 38. Bxe4 Qxe4+ 39. Kg1 Qe1+ 40. Kg2
bxa5 41. Qf3 Qe5 42. Kg1 f5 43. g4 Qe4 44. Qg3+ f4 45. Qa3 f3 46. Qxa5 Qxg4+
47. Kf1 Qg2+ 48. Ke1 Qg1+ 49. Kd2 Qxf2+ 50. Kc1 Qe3+ 51. Kc2 Qe4+ 52. Kc1 f2
53. Qd8+ Ke5 54. Qe7+ Kd4 55. Qxg7+ Kc4 56. Qf7 Qe3+ 0-1

[Event "Sparkassen-Open A"]
[Site "Heusenstamm, Martinsee"]
[Date "2018.11.24"]
[Round "5.40"]
[White "Hagner, Bennet"]
[Black "KÃ¶llner, Christof"]
[Result "1/2-1/2"]
[WhiteElo "1912"]
[BlackElo "2105"]
[PlyCount "107"]
[EventDate "2018.??.??"]
[WhiteTeam "Frankfurter TV"]
[BlackTeam "SV Bergneustadt/Derschlag"]

1. e4 d6 2. d4 Nf6 3. Nc3 e5 4. Nf3 Nbd7 5. Bc4 Be7 6. O-O Nb6 7. Be2 exd4 8.
Nxd4 O-O 9. Re1 Re8 10. Bb5 Bd7 11. Bxd7 Nfxd7 12. b3 Bf6 13. Bb2 Nc5 14. a4 a5
15. Qd2 Ne6 16. Nd5 Nxd5 17. exd5 Nc5 18. Re3 Rxe3 19. Qxe3 Qd7 20. Re1 Kf8 21.
f3 Re8 22. Qd2 b6 23. Rxe8+ Qxe8 24. Kf2 Bh4+ 25. g3 Bf6 26. Bc3 Qd7 27. Kg2 h6
28. Nb5 Bxc3 29. Qxc3 Qe7 30. Qd2 h5 31. Kf2 h4 32. Qe3 hxg3+ 33. hxg3 Qxe3+
34. Kxe3 Na6 35. Kd4 Ke7 36. Kc4 Kd7 37. Nd4 Nc5 38. Kb5 g6 39. g4 Nb7 40. c3
Nc5 41. b4 Nb7 42. Nc6 Kc8 43. Ka6 g5 44. Ka7 b5 45. axb5 a4 46. b6 a3 47. Nd4
a2 48. Nc2 Nd8 49. c4 f6 50. c5 dxc5 51. bxc5 cxb6 52. Kxb6 Nf7 53. c6 Nd6 54.
Kc5 1/2-1/2

[Event "Sparkassen-Open A"]
[Site "Heusenstamm, Martinsee"]
[Date "2018.11.24"]
[Round "5.41"]
[White "Flach, Erich"]
[Black "Vakulenko, Oleksandr"]
[Result "0-1"]
[WhiteElo "2110"]
[BlackElo "1999"]
[PlyCount "116"]
[EventDate "2018.??.??"]
[WhiteTeam "SV Griesheim"]
[BlackTeam "Gambit Kiev"]

1. d4 Nf6 2. c4 e6 3. Nc3 Bb4 4. Qc2 c5 5. Nf3 cxd4 6. Nxd4 Nc6 7. e3 O-O 8.
Bd2 d5 9. Rd1 e5 10. Nxc6 bxc6 11. a3 Be7 12. cxd5 cxd5 13. Be2 Bb7 14. O-O Qc7
15. Rc1 Rac8 16. Qa4 Qb8 17. b4 Rfd8 18. Ba6 d4 19. exd4 exd4 20. Ne2 Qa8 21.
Bxb7 Qxb7 22. Rxc8 Qxc8 23. Rc1 Qb7 24. f3 d3 25. Ng3 Qb6+ 26. Kf1 Nd5 27. Qc6
Qd4 28. Nf5 Qe5 29. Nxe7+ Nxe7 30. Qe4 Qd6 31. a4 Ng6 32. h3 Qd7 33. Qc6 Qd4
34. Qc3 Qd5 35. b5 h6 36. Qc4 Qe5 37. Re1 Qf5 38. Qc7 Rd7 39. Qc8+ Kh7 40. Qc6
Rd5 41. Re4 Rc5 42. Qd6 Rd5 43. Qc7 Rd7 44. Qc8 Qd5 45. Qc4 Qd6 46. a5 Ne5 47.
Qb4 Qd5 48. Qc3 f6 49. Rb4 Nxf3 50. gxf3 Qxf3+ 51. Kg1 Re7 52. Rf4 Qg3+ 53. Kf1
Re2 54. Qc6 Qxh3+ 55. Kg1 Rxd2 56. Qe4+ f5 57. Qxf5+ Qxf5 58. Rxf5 Ra2 0-1

[Event "Sparkassen-Open A"]
[Site "Heusenstamm, Martinsee"]
[Date "2018.11.24"]
[Round "5.42"]
[White "Wortmann, Klaus-Peter"]
[Black "Schubert, Nikita"]
[Result "1/2-1/2"]
[WhiteElo "2097"]
[BlackElo "1845"]
[PlyCount "33"]
[EventDate "2018.??.??"]
[WhiteTeam "MS Halver-SchalksmÃ¼hle"]
[BlackTeam "ESV Gera"]

1. d4 Nf6 2. Nf3 d5 3. c4 e6 4. Nc3 Bb4 5. Bg5 dxc4 6. Qa4+ Nc6 7. e3 Qd5 8.
Bxf6 gxf6 9. O-O-O Bxc3 10. bxc3 b5 11. Qa3 a5 12. Nd2 Qd6 13. Qb2 Ba6 14. Ne4
Qd8 15. Nc5 Qb8 16. Be2 Qb6 17. Qc2 1/2-1/2

[Event "Sparkassen-Open A"]
[Site "Heusenstamm, Martinsee"]
[Date "2018.11.24"]
[Round "5.43"]
[White "Begri, Felix"]
[Black "Erdmann, Stefan"]
[Result "0-1"]
[WhiteElo "2008"]
[BlackElo "2216"]
[PlyCount "72"]
[EventDate "2018.??.??"]
[WhiteTeam "SV Hofheim"]
[BlackTeam "SC Bad Soden"]

1. d4 d5 2. c4 c6 3. Nc3 Nf6 4. Nf3 dxc4 5. a4 Bf5 6. Ne5 Nbd7 7. Nxc4 Qc7 8.
g3 e5 9. dxe5 Nxe5 10. Bf4 Nfd7 11. Bg2 g5 12. Bxe5 Nxe5 13. Qd4 f6 14. O-O Be6
15. Nxe5 Qxe5 16. Qxe5 fxe5 17. Ne4 Be7 18. b4 Bxb4 19. a5 Be7 20. a6 b6 21.
Nxg5 Bxg5 22. Bxc6+ Kf7 23. Bxa8 Rxa8 24. e3 Be7 25. f4 Bc5 26. fxe5+ Ke7 27.
Rfe1 Rd8 28. Ra4 Bf5 29. g4 Bg6 30. h4 Ke6 31. h5 Bc2 32. Rf4 Rd7 33. Re2 Bd3
34. Re1 Kxe5 35. Kg2 Be4+ 36. Kh3 b5 0-1